000 00350nam a22001577a 4500
003 SGT
020 _a9788123922812
082 _a617.6342
_bE13I
100 _aINGLE, J.I
245 _aINGLE'S ENDODONTICS
250 _a6TH
260 _aBC DEEKER HAMITTON
_bAHUJA BOOKS PUBLISHER
300 _a1555
650 _aENDODONTICS
942 _2ddc
_cBK
_03
999 _c12281
_d12281